000 00669cab a2200205 4500
001 WB3230-42
008 090401t1996 xxu||||| |||| 00| 0 eng d
035 _a(Sirsi) u64627
041 _aeng
245 _aCoastal erosion
260 _c1996
350 _a0
490 _aIndependent
_v31 July 1996, 1&3(2)
520 _aThe government is to take up expert advice that it is not practical or economically viable to prevent erosion on the east coast. The strategy will be a `managed retreat`, the consequences of which are discussed.
650 _aCOASTAL EROSION
650 _aSEA DEFENCES
690 _aMARINE RESOURCES
942 _n0
948 _c04/03/1997
999 _c40260
_d40260